Olivia Rodrigo - All I Want (All Lyrics) - Statistiques

Statistiques générales
  • Ce quiz a été pris 667 fois
  • Le résultat moyen est 214 sur 256
Statistiques - réponses
Réponse % Correct
a
100%
I
100%
All
98%
all
98%
to
98%
is
97%
Is
97%
want
97%
When
97%
me
96%
me?
96%
my
96%
guy,
95%
guy
95%
the
95%
love,
94%
love
94%
last
93%
that
92%
good
91%
He
91%
he
91%
so
91%
too
90%
was
90%
And
89%
and
89%
ask?
89%
be
89%
But
89%
but
89%
in
88%
it
88%
much
88%
on
86%
something
86%
star
86%
Who
86%
wrong
86%
for
85%
high?
85%
told
85%
with
85%
you
85%
of
84%
face
83%
found
83%
he's
83%
I'm
83%
perfect
83%
girl
82%
lying
82%
Are
81%
dark
81%
day
80%
expectations
80%
paper
80%
think
80%
We
80%
Does
79%
hand
79%
held
78%
needs
78%
boy,
77%
didn't
77%
end
77%
this
77%
door
76%
fell
76%
saved?
76%
at
75%
away
75%
far
75%
say
75%
say?
75%
from
74%
past
74%
second
74%
lasts
73%
myself
73%
one
73%
out
73%
still
73%
'Cause
72%
fight
72%
have
72%
If
71%
more
71%
pushes
70%
won't
70%
can
68%
find
67%
there's
67%
figured
66%
song's
66%
what
66%
young
66%
best,
65%
enough
65%
halfway
65%
Try
65%
naive
64%
okay
64%
come
63%
meet
63%
through
60%
kinda
59%
would
58%
don't
57%
happy
57%
miss
57%
easily
56%
thought
56%
days
54%
shouldn't
53%
after,
52%
ever
52%
Now
49%
Ooh
34%
ooh
34%
Oh-ooh
4%
Aucun quiz correspondant
Distribution des résultats
% des personnes avec chaque résultat
Percentile par nombre de réponses
Votre historique - résultats
Vous n’avez pas pris ce quiz